<?xml version="1.0" encoding="UTF-8"?>
<collection xmlns="http://www.loc.gov/MARC21/slim">
 <record>
  <leader>01771nam a2200229Ia 4500</leader>
  <controlfield tag="001">TDMU_15652</controlfield>
  <controlfield tag="008">210410s9999    xx            000 0 und d</controlfield>
  <datafield tag="082" ind1=" " ind2=" ">
   <subfield code="a">530.12076</subfield>
  </datafield>
  <datafield tag="090" ind1=" " ind2=" ">
   <subfield code="b">L310</subfield>
  </datafield>
  <datafield tag="100" ind1=" " ind2=" ">
   <subfield code="a">Lim, Yung - Kuo</subfield>
  </datafield>
  <datafield tag="245" ind1=" " ind2="0">
   <subfield code="a">Bài tập và lời giải cơ học lượng tử</subfield>
  </datafield>
  <datafield tag="245" ind1=" " ind2="0">
   <subfield code="b">Problems and solutions on quantum mechanics</subfield>
  </datafield>
  <datafield tag="245" ind1=" " ind2="0">
   <subfield code="c">Yung - Kuo Lim (ch.b.); Nguyễn Phúc Dương, Phạm Phúc Tuyền, Nguyễn Toàn Thắng (dịch)</subfield>
  </datafield>
  <datafield tag="260" ind1=" " ind2=" ">
   <subfield code="a">H.</subfield>
  </datafield>
  <datafield tag="260" ind1=" " ind2=" ">
   <subfield code="b">Giáo dục</subfield>
  </datafield>
  <datafield tag="260" ind1=" " ind2=" ">
   <subfield code="c">2008</subfield>
  </datafield>
  <datafield tag="300" ind1=" " ind2=" ">
   <subfield code="a">V, 745tr</subfield>
  </datafield>
  <datafield tag="520" ind1=" " ind2=" ">
   <subfield code="a">Giới thiệu 380 bài tập và lời giải về cơ học lượng tử được tuyển chọn từ 31000 đề thi vào đại học và thi tuyển nghiên cứu sinh chuyên ngành vật lý của 7 trường đại học nổi tiếng ở Hoa Kỳ. Trong đó có 72 bài tập và lời giải về các nguyên lý cơ bản và chuyển động 1 chiều, 27 bài các thế xuyên tâm, 16 bài chuyển động trong trường điện từ, 83 bài lý thuyết nhiễu loạn, 37 bài các hệ nhiều hạt và 101 bài các chủ đề khác. Tất cả các bài tập này phù hợp với chương trình vật lý bậc đại học và sau đại học chuyên ngành Cơ học lượng tử.</subfield>
  </datafield>
  <datafield tag="650" ind1=" " ind2=" ">
   <subfield code="a">Cơ học lượng tử (vật lý)</subfield>
   <subfield code="v">Bài tập; Vật lý</subfield>
   <subfield code="x">Cơ học lượng tử</subfield>
   <subfield code="x">Kỳ thi</subfield>
   <subfield code="v">Bài tập</subfield>
  </datafield>
  <datafield tag="700" ind1=" " ind2=" ">
   <subfield code="a">Nguyễn, Phúc Dương</subfield>
  </datafield>
  <datafield tag="856" ind1=" " ind2=" ">
   <subfield code="u">http://lrc.tdmu.edu.vn/opac/search/detail.asp?aID=2&amp;ID=15652</subfield>
  </datafield>
  <datafield tag="980" ind1=" " ind2=" ">
   <subfield code="a">Trung tâm Học liệu Trường Đại học Thủ Dầu Một</subfield>
  </datafield>
 </record>
</collection>
